[Event "France"]
[Site "?"]
[Date "2003.12.07"]
[Round "4.2"]
[White "Vasquez Georges"]
[Black "Benitah Yohan"]
[Result "0-1"]
[WhiteElo "2070"]
[BlackElo "2420"]
[PlyCount "80"]
[EventDate "2003.??.??"]
[Source "www.chesslib.no"]
[SourceDate "2004.05.04"]

1. Nf3 d5 2. d3 Bg4 3. g3 Nd7 4. Bg2 c6 5. O-O Ngf6 6. c4 e5 7. Qc2 Bd6 8. Nc3 O-O 9. e4 dxc4 10. dxc4 a5 11. b3 Qc7 12. h3 Bh5 13. Nh4 Rfe8 14. Be3 Bc5 15. Rfe1 Bxe3 16. Rxe3 Nc5 17. a3 Red8 18. Rae1 Rd7 19. b4 axb4 20. axb4 Ne6 21. c5 b6 22. cxb6 Qxb6 23. Qb2 Rad8 24. Ne2 Bxe2 25. R1xe2 Nd4 26. Re1 Rb7 27. Kh1 Qxb4 28. Qxb4 Rxb4 29. Rc1 g6 30. Nf3 Nd7 31. Ra3 c5 32. Ne1 c4 33. Nc2 Rb3 34. Rxb3 cxb3 35. Na3 Nb6 36. Rc7 Ra8 37. Rb7 Rxa3 38. Rxb6 Ra2 39. Bf1 Rxf2 40. Bc4 Nf3 0-1

[Event "Fouesnant"]
[Site "?"]
[Date "2001.10.29"]
[Round "4"]
[White "Alanic Xavier"]
[Black "Bagheri Amir"]
[Result "1/2-1/2"]
[WhiteElo "2092"]
[BlackElo "2390"]
[PlyCount "42"]
[EventDate "2001.??.??"]
[Source "www.chesslib.no"]
[SourceDate "2004.05.04"]

1. Nf3 d5 2. d3 Bg4 3. Nbd2 Nd7 4. g3 e5 5. e4 c6 6. Bg2 Ngf6 7. O-O dxe4 8. dxe4 Bc5 9. h3 Bxf3 10. Qxf3 Qe7 11. Nc4 Qe6 12. Qb3 b5 13. Ne3 Qxb3 14. axb3 g6 15. c3 Ke7 16. Nc2 a5 17. Rd1 Bb6 18. Bg5 h6 19. Rxd7+ Kxd7 20. Bxf6 Rhe8 21. Bg7 h5 1/2-1/2

[Event "Mephisto women"]
[Site "Hamburg GER"]
[Date "1990.??.??"]
[Round "9"]
[White "Ehrke, Anja"]
[Black "Trabert, Bettina"]
[Result "1-0"]
[WhiteElo "2275"]
[BlackElo "2205"]
[PlyCount "61"]
[EventDate "1990.??.??"]
[Source "www.chesslib.no"]
[SourceDate "2004.05.04"]

1. Nf3 d5 2. d3 Nf6 3. Nbd2 c5 4. e4 e6 5. Be2 Be7 6. c3 Nc6 7. O-O O-O 8. a3 b5 9. Re1 Bb7 10. e5 Nd7 11. d4 c4 12. Nf1 f6 13. exf6 Bxf6 14. Bf4 e5 15. dxe5 Ndxe5 16. Bxe5 Nxe5 17. Nd4 Qb6 18. Ne3 Rae8 19. Qc2 Bg5 20. Ng4 Ng6 21. Bf3 Nh4 22. Ne5 Nxf3+ 23. Ndxf3 Qd8 24. Nd4 Bf4 25. Nef3 Qb6 26. Rxe8 Rxe8 27. Qf5 Rf8 28. Qd7 a6 29. Ne6 Bh6 30. Nxf8 Kxf8 31. Nd4 1-0

[Event "Balatonbereny op"]
[Site "?"]
[Date "1996.??.??"]
[Round "1"]
[White "Collas Didier"]
[Black "Albert Kornelia"]
[Result "1/2-1/2"]
[WhiteElo "2380"]
[BlackElo "2095"]
[PlyCount "113"]
[EventDate "1996.??.??"]
[Source "www.chesslib.no"]
[SourceDate "2004.05.04"]

1. Nf3 d5 2. d3 c5 3. c4 d4 4. b4 cxb4 5. a3 e6 6. g3 Nc6 7. Bg2 Nf6 8. O-O bxa3 9. Nbd2 e5 10. Nb3 h6 11. Bxa3 Bxa3 12. Rxa3 Qe7 13. Qa1 a6 14. Na5 Na7 15. Rb1 Rb8 16. Nd2 O-O 17. Rab3 b5 18. Nc6 Nxc6 19. Bxc6 Rb6 20. cxb5 axb5 21. Bxb5 Bb7 22. Qa7 Nd5 23. Nc4 Ra8 24. Qxa8+ Bxa8 25. Nxb6 Nxb6 26. Ba6 Nd7 27. Rb8+ Nxb8 28. Rxb8+ Kh7 29. Rxa8 Qb4 30. Kg2 Qb2 31. Rf8 Qxe2 32. Rxf7 e4 33. Bb7 exd3 34. Ba6 Qe4+ 35. Rf3 Qc6 36. Bxd3+ Kg8 37. h4 g5 38. hxg5 hxg5 39. g4 Kg7 40. Kg3 Qd6+ 41. Kg2 Qd5 42. Bf5 Kh6 43. Kg3 Qe5+ 44. Kh3 Qd5 45. Ra3 Qh1+ 46. Kg3 Qg1+ 47. Kf3 Qd1+ 48. Ke4 Qb1+ 49. Rd3 Qe1+ 50. Kxd4 Qxf2+ 51. Ke5 Qb2+ 52. Ke6 Qa2+ 53. Ke7 Qe2+ 54. Kf8 Qh2 55. Re3 Qd6+ 56. Kf7 Qf8+ 57. Kxf8 1/2-1/2

[Event "It"]
[Site "Dhaka (Bangladesh)"]
[Date "2007.05.29"]
[Round "3"]
[White "Haque Rezaul (BAN)"]
[Black "Chowdhury Sohel (BAN)"]
[Result "1-0"]
[WhiteElo "2206"]
[BlackElo "2267"]
[PlyCount "163"]
[EventDate "2007.??.??"]
[Source "www.chesslib.no"]
[SourceDate "2004.05.04"]

1. Nf3 d5 2. d3 c6 3. c3 Bg4 4. Ne5 Bf5 5. e4 Bc8 6. exd5 Qxd5 7. d4 Nd7 8. Nf3 Ngf6 9. Be2 e6 10. O-O Be7 11. Bf4 Qa5 12. Nbd2 O-O 13. a4 Nh5 14. Nc4 Qd8 15. Bd2 a5 16. Nfe5 Nhf6 17. Bd3 Nxe5 18. Nxe5 c5 19. dxc5 Qc7 20. Qe2 Qxc5 21. Kh1 Rd8 22. f4 Bd7 23. Be3 Qc7 24. Bd4 Be8 25. f5 Bc5 26. fxe6 fxe6 27. Ng4 Bxd4 28. cxd4 Qe7 29. Nxf6+ gxf6 30. Rf4 Bg6 31. Raf1 Bxd3 32. Qxd3 f5 33. g4 Qf6 34. gxf5 exf5 35. Rxf5 Qh4 36. d5 Ra6 37. Qf3 Rg6 38. Rf8+ Kg7 39. Rxd8 Qxd8 40. Qf7+ Kh6 41. Qf8+ Qxf8 42. Rxf8 Rd6 43. Rf7 b6 44. Rc7 Rxd5 45. Rc6+ Kg5 46. Rxb6 Kg4 47. b4 Rd1+ 48. Kg2 Rd2+ 49. Kg1 Rd1+ 50. Kf2 axb4 51. Rxb4+ Kh3 52. Rb5 Ra1 53. a5 Ra2+ 54. Kf3 Kxh2 55. Kg4 Kg2 56. Kf4 Ra4+ 57. Ke3 Kg3 58. Kd3 Kg4 59. Kc3 Ra1 60. Kb2 Ra4 61. Kb3 Ra1 62. Rb4+ Kg5 63. Ra4 Rb1+ 64. Kc4 Rb8 65. a6 h5 66. a7 Ra8 67. Kc5 Kf5 68. Kd4 Kg4 69. Ke5+ Kg3 70. Kf5 h4 71. Ra3+ Kg2 72. Kg4 h3 73. Ra2+ Kf1 74. Kxh3 Ke1 75. Kg3 Kd1 76. Kf3 Kc1 77. Ke3 Kb1 78. Ra6 Kb2 79. Kd4 Kb3 80. Kc5 Kc3 81. Kb6 Kb4 82. Kb7 1-0

[Event "Superliga team"]
[Site "?"]
[Date "2002.??.??"]
[Round "3"]
[White "Apostoaie Lacramioara-Liliana"]
[Black "Dragomirescu Angela"]
[Result "1/2-1/2"]
[WhiteElo "2191"]
[BlackElo "2280"]
[PlyCount "148"]
[EventDate "2002.??.??"]
[Source "www.chesslib.no"]
[SourceDate "2004.05.04"]

1. Nf3 d5 2. d3 c6 3. Nbd2 Nf6 4. e4 Bg4 5. Be2 g6 6. Ne5 Bxe2 7. Qxe2 Bg7 8. Nef3 O-O 9. O-O Nfd7 10. Re1 Re8 11. Nf1 e5 12. h3 Na6 13. Ne3 d4 14. Ng4 Nc7 15. a4 Ne6 16. g3 b5 17. Nh4 Nf4 18. Qf1 a6 19. Nf3 Ne6 20. Nh4 Nf4 21. Nf3 Ne6 22. Nh4 c5 23. Ng2 Ng5 24. Nh4 h5 25. Nh2 Qe7 26. Kg2 Ne6 27. Kg1 Kh7 28. Ng2 Bh6 29. f4 Rec8 30. b3 Ng7 31. Nf3 f6 32. Qf2 Nb6 33. a5 Nd7 34. g4 exf4 35. Bxf4 Ne5 36. Bxh6 Kxh6 37. Nxe5 fxe5 38. Rf1 Rf8 39. Qd2+ Kh7 40. gxh5 Nxh5 41. Rxf8 Rxf8 42. Rf1 Rxf1+ 43. Kxf1 Qe6 44. Qg5 Qf6+ 45. Qxf6 Nxf6 46. Nh4 Nd7 47. Kf2 Kg7 48. Kg3 Nb8 49. Nf3 Kf6 50. Kh4 Nc6 51. Nh2 Nxa5 52. Ng4+ Ke6 53. Kg5 Nc6 54. Kxg6 a5 55. h4 a4 56. h5 Nd8 57. h6 Nf7 58. bxa4 bxa4 59. h7 a3 60. Nh6 Nh8+ 61. Kg7 a2 62. Kxh8 a1=Q 63. Kg7 Qa7+ 64. Kg6 Qb8 65. Nf7 Qe8 66. h8=Q Qxf7+ 67. Kh6 Qf4+ 68. Kg7 Qg3+ 69. Kh6 Qh2+ 70. Kg7 Qxc2 71. Qc8+ Kd6 72. Qa6+ Kc7 73. Qa7+ Kc6 74. Qa6+ Kc7 1/2-1/2

[Event "Coria Open"]
[Site "Coria"]
[Date "1995.??.??"]
[Round "4"]
[White "Gonzales, Jayson"]
[Black "Roldin, E."]
[Result "1-0"]
[WhiteElo "2370"]
[BlackElo "2085"]
[PlyCount "71"]
[EventDate "1995.??.??"]
[Source "www.chesslib.no"]
[SourceDate "2004.05.04"]

1. Nf3 d5 2. d3 f5 3. g3 Nf6 4. Bg2 e6 5. O-O Bd6 6. Nbd2 O-O 7. e4 dxe4 8. dxe4 Ng4 9. Qe2 Nc6 10. c3 Qe8 11. h3 Nge5 12. Nxe5 Nxe5 13. f4 Nf7 14. e5 Be7 15. Nc4 Rb8 16. Na5 Qa4 17. Nb3 b6 18. Nd4 Bc5 19. Rd1 Ba6 20. Qe1 Rfd8 21. Be3 Bxd4 22. cxd4 Bb7 23. Bxb7 Rxb7 24. Rac1 Rd5 25. Rc3 Qd7 26. Rdc1 Nd8 27. R3c2 c6 28. g4 Rc7 29. Rg2 g6 30. h4 Qe8 31. h5 Rg7 32. Rcc2 gxh5 33. gxf5 exf5 34. Rxg7+ Kxg7 35. Rg2+ Kh6 36. Qh4 1-0

[Event "ESP Ronda op"]
[Site "?"]
[Date "1998.??.??"]
[Round "?"]
[White "Fluvia Poyatos Jordi"]
[Black "Pinero Fernandez Xavier"]
[Result "1-0"]
[WhiteElo "2110"]
[BlackElo "2325"]
[PlyCount "81"]
[EventDate "1998.??.??"]
[Source "www.chesslib.no"]
[SourceDate "2004.05.04"]

1. Nf3 d5 2. d3 Nc6 3. Nbd2 e5 4. e4 Nf6 5. c3 Be7 6. Be2 O-O 7. O-O h6 8. b4 a6 9. Qc2 Bg4 10. Re1 Bd6 11. Bf1 Rc8 12. a3 Re8 13. Bb2 d4 14. cxd4 exd4 15. h3 Bxf3 16. Nxf3 Be5 17. Qc4 Qd6 18. Rac1 Red8 19. g3 g5 20. Qc5 Nd7 21. Qxd6 cxd6 22. Be2 Kf8 23. Kf1 Ke7 24. Bd1 b5 25. Bb3 Bg7 26. Ke2 Nde5 27. Nxd4 Nxd4+ 28. Bxd4 Nf3 29. Bxg7 Nxe1 30. Rxc8 Rxc8 31. Kxe1 f6 32. Kd2 Rc7 33. f4 h5 34. fxg5 fxg5 35. d4 g4 36. hxg4 hxg4 37. e5 dxe5 38. Bxe5 Rc6 39. d5 Rg6 40. d6+ Kd7 41. Ke3 1-0

[Event "Bayernliga 05/06 (LLS)"]
[Site "?"]
[Date "2005.12.11"]
[Round "4.1"]
[White "Uhlmann Helge"]
[Black "Bredl Harald"]
[Result "0-1"]
[WhiteElo "2129"]
[BlackElo "2287"]
[PlyCount "88"]
[EventDate "2005.??.??"]
[Source "www.chesslib.no"]
[SourceDate "2004.05.04"]

1. Nf3 d5 2. d3 Nc6 3. g3 e5 4. Bg2 f6 5. O-O Be6 6. e4 dxe4 7. dxe4 Qxd1 8. Rxd1 Nb4 9. Na3 c6 10. b3 Ne7 11. Be3 Nc8 12. c3 Na6 13. Nc2 Bc5 14. Bf1 Bxe3 15. Bxa6 bxa6 16. Nxe3 Ke7 17. c4 Nd6 18. Nd2 a5 19. a4 Nb7 20. c5 Rhd8 21. Ndc4 g6 22. f4 exf4 23. gxf4 Rxd1+ 24. Rxd1 Rd8 25. Rxd8 Kxd8 26. e5 fxe5 27. Nxe5 Kc7 28. N3c4 Bd5 29. h4 Nxc5 30. h5 gxh5 31. f5 Nd7 32. Nxd7 Kxd7 33. Nxa5 Kd6 34. Nb7+ Ke5 35. b4 Kxf5 36. b5 cxb5 37. Nd6+ Ke5 38. Nxb5 a6 39. Nc7 Bc4 40. Kf2 Kd6 41. Ne8+ Kc5 42. Nf6 Kb4 43. Nxh5 Kxa4 44. Ke3 Kb3 0-1

[Event "It"]
[Site "Dhaka (Bangladesh)"]
[Date "2007.06.02"]
[Round "8"]
[White "Haque Rezaul (BAN)"]
[Black "Chatterjee Devraz (BAN)"]
[Result "1-0"]
[WhiteElo "2206"]
[BlackElo "2205"]
[PlyCount "87"]
[EventDate "2007.??.??"]
[Source "www.chesslib.no"]
[SourceDate "2004.05.04"]

1. Nf3 d5 2. d3 c5 3. c3 Nc6 4. e4 e5 5. Qa4 f6 6. Nbd2 Nge7 7. d4 cxd4 8. cxd4 Bd7 9. dxe5 Nxe5 10. Qb3 Nxf3+ 11. gxf3 Bc6 12. Bb5 a6 13. Bxc6+ bxc6 14. O-O Ng6 15. exd5 cxd5 16. Re1+ Be7 17. Nf1 Qd7 18. Bd2 O-O 19. Rad1 Rab8 20. Qc2 Qh3 21. Qd3 Rbd8 22. Qe3 Ne5 23. f4 Nf3+ 24. Kh1 Rf7 25. Re2 d4 26. Qb3 Kf8 27. Bb4 Bxb4 28. Qxb4+ Kg8 29. Qb3 d3 30. Re7 Rdf8 31. Rxf7 Rxf7 32. Qxd3 g6 33. Qxa6 Kg7 34. Qd3 h5 35. Rb1 Rd7 36. Qe3 h4 37. Qe8 Rb7 38. b4 Qf5 39. Rd1 Qc2 40. Rd7+ Rxd7 41. Qxd7+ Kh6 42. Qe8 Kh5 43. Qh8+ Kg4 44. Ne3+ 1-0

[Event "It Open"]
[Site "?"]
[Date "2005.04.11"]
[Round "8"]
[White "Haque Rezaul"]
[Black "Ahmed Mainuddin"]
[Result "0-1"]
[WhiteElo "2188"]
[BlackElo "2222"]
[PlyCount "99"]
[EventDate "2005.??.??"]
[Source "www.chesslib.no"]
[SourceDate "2004.05.04"]

1. Nf3 d5 2. d3 Nc6 3. Bf4 Bg4 4. Nc3 a6 5. e4 d4 6. Nd5 e5 7. Bg3 Nf6 8. Bh4 Nxd5 9. Bxd8 Bb4+ 10. c3 dxc3 11. exd5 cxb2+ 12. Nd2 Bxd1 13. Rxd1 Nxd8 14. Rb1 Bc3 15. Kd1 f5 16. Kc2 Bxd2 17. Kxd2 Nf7 18. g3 O-O-O 19. Bg2 Rhe8 20. Rhe1 Nh6 21. Rxb2 Ng4 22. Reb1 b6 23. Rc2 Rd6 24. Bh3 Kb8 25. Rc4 h5 26. f3 Nh6 27. Rbc1 Re7 28. Rh4 g6 29. Rc6 Rxc6 30. dxc6 Re6 31. Rc4 Ka7 32. f4 b5 33. Rc1 exf4 34. gxf4 Ng4 35. Bg2 Nxh2 36. d4 Ng4 37. d5 Rd6 38. Kd3 a5 39. Kd4 Kb6 40. Re1 Nf6 41. Re7 h4 42. Bf3 h3 43. Re1 Rd8 44. Rg1 h2 45. Rxg6 Nxd5 46. Ke5 Ne3 47. Rh6 Rd2 48. a3 Rf2 49. Rh8 Rxf3 50. Rxh2 0-1

[Event "Germany"]
[Site "?"]
[Date "2003.03.29"]
[Round "10.4"]
[White "Lange Klaus"]
[Black "Wohlfart Paulus"]
[Result "0-1"]
[WhiteElo "2203"]
[BlackElo "2206"]
[PlyCount "124"]
[EventDate "2003.??.??"]
[Source "www.chesslib.no"]
[SourceDate "2004.05.04"]

1. Nf3 d5 2. d3 f5 3. c4 e6 4. g3 Nf6 5. Bg2 Bd6 6. O-O O-O 7. Nbd2 f4 8. e4 fxe3 9. fxe3 c6 10. Qe2 e5 11. e4 d4 12. c5 Bc7 13. Nc4 Qe7 14. b3 Bg4 15. Ba3 Nbd7 16. Qc2 Qf7 17. Nh4 Qh5 18. Nf5 g6 19. Nh4 Rf7 20. Rf2 Raf8 21. Raf1 Be6 22. Bf3 Ng4 23. Bxg4 Qxg4 24. Rxf7 Rxf7 25. Rxf7 Kxf7 26. Qf2+ Kg7 27. Nf3 Qh5 28. Ne1 Nf6 29. Bc1 Ng4 30. Qe2 g5 31. Nf3 Bxc4 32. bxc4 Nxh2 33. Nxd4 Qxe2 34. Nxe2 Nf3+ 35. Kf2 g4 36. Bb2 Kf7 37. Bc1 Ba5 38. Bb2 Be1+ 39. Kg2 Bb4 40. d4 Ne1+ 41. Kf1 Nd3 42. Ba1 exd4 43. Bxd4 Bxc5 44. Nf4 Nxf4 45. Bxc5 Nh5 46. Kf2 a6 47. Bb6 Ke6 48. Bc7 b5 49. c5 Nf6 50. Ke3 Nd7 51. Kd4 h5 52. a3 Nf8 53. Bd6 Ng6 54. Bc7 h4 55. gxh4 Nxh4 56. Bd8 Nf3+ 57. Ke3 Ne5 58. Kf4 Nc4 59. Kxg4 Nxa3 60. Kf4 b4 61. Ba5 b3 62. Bc3 Nc4 0-1

[Event "It (Open) Djakovo CRO"]
[Site "?"]
[Date "2006.05.03"]
[Round "5"]
[White "Kozarcanin Sead"]
[Black "Trtanj Tina"]
[Result "1/2-1/2"]
[WhiteElo "2232"]
[BlackElo "2164"]
[PlyCount "117"]
[EventDate "2006.??.??"]
[Source "www.chesslib.no"]
[SourceDate "2004.05.04"]

1. Nf3 d5 2. d3 Nf6 3. Nbd2 c5 4. g3 Nc6 5. Bg2 Bg4 6. h3 Bh5 7. O-O e6 8. c3 Be7 9. e4 dxe4 10. dxe4 O-O 11. Re1 Qc7 12. Qe2 e5 13. Nf1 Rfd8 14. g4 Bg6 15. Nh4 Rd7 16. Nxg6 hxg6 17. Ne3 Qa5 18. a3 b5 19. Nd5 c4 20. Bg5 Qa4 21. Qd1 Qxd1 22. Raxd1 Rad8 23. Be3 Kf8 24. Kf1 Na5 25. Ke2 Nxd5 26. Rxd5 Rxd5 27. exd5 Rd7 28. f4 exf4 29. Bxf4 Bd6 30. Be3 Nb3 31. Rd1 f6 32. Be4 Kf7 33. Bc2 Nc5 34. Kf3 a6 35. h4 Re7 36. h5 gxh5 37. gxh5 Nd7 38. Bf5 Ne5+ 39. Kf2 g6 40. hxg6+ Nxg6 41. Rh1 Nf4 42. Rh7+ Kf8 43. Rh8+ Kg7 44. Bxf4 Bxf4 45. Ra8 Re5 46. Be6 Rh5 47. Rxa6 Rh2+ 48. Kf3 Be5 49. d6 Rxb2 50. Bd5 Rd2 51. Ke4 Bxc3 52. Ra7+ Kg6 53. Bf7+ Kg5 54. d7 f5+ 55. Ke3 Kg4 56. Be6 Rd3+ 57. Ke2 Rd2+ 58. Ke3 Rd1 59. Ke2 1/2-1/2

[Event "LVI Campionato bulgaro fem"]
[Site "Pernik BUL"]
[Date "2007.03.18"]
[Round "9.6"]
[White "Savova, Stefka"]
[Black "Raeva, Elitsa"]
[Result "1/2-1/2"]
[WhiteElo "2189"]
[BlackElo "2207"]
[PlyCount "104"]
[EventDate "2007.03.11"]
[Source "www.chesslib.no"]
[SourceDate "2004.05.04"]

1. Nf3 d5 2. d3 Nf6 3. Nbd2 Nbd7 4. c3 e5 5. e4 c6 6. h3 Bd6 7. g3 Bc7 8. b4 a5 9. a3 O-O 10. Bb2 c5 11. exd5 axb4 12. c4 bxa3 13. Rxa3 Rxa3 14. Bxa3 b5 15. cxb5 Nxd5 16. Qb3 Nb4 17. Bg2 Nb6 18. Bxb4 cxb4 19. O-O Be6 20. Qxb4 Qxd3 21. Re1 f6 22. Qe7 Bd7 23. Bf1 Qd5 24. Qb4 Bd6 25. Qb3 Qxb3 26. Nxb3 Rc8 27. Rd1 Bb4 28. Rc1 Rxc1 29. Nxc1 Kf8 30. g4 Nd5 31. Nb3 Ke7 32. Nh4 g6 33. Nf3 Be6 34. Nbd2 Bc5 35. g5 Bb6 36. gxf6+ Nxf6 37. Nxe5 Nd7 38. Nc6+ Kf7 39. Ne4 h6 40. Nd6+ Kf6 41. Nc4 Bxc4 42. Bxc4 Ne5 43. Be2 Ke6 44. Kg2 g5 45. Nxe5 Kxe5 46. Kg3 Kf5 47. Bd3+ Kf6 48. f3 h5 49. h4 Bc7+ 50. Kh3 g4+ 51. fxg4 hxg4+ 52. Kxg4 Kg7 1/2-1/2

[Event "10th TCh-Euro sen"]
[Site "Dresden GER"]
[Date "2008.02.15"]
[Round "5"]
[White "Szenetra, W."]
[Black "Gohlke, H."]
[Result "1-0"]
[WhiteElo "2291"]
[BlackElo "2103"]
[PlyCount "67"]
[EventDate "2008.02.11"]
[Source "www.chesslib.no"]
[SourceDate "2004.05.04"]

1. Nf3 d5 2. d3 g6 3. g3 Bg7 4. Bg2 c6 5. O-O Nf6 6. Nbd2 Na6 7. e4 dxe4 8. dxe4 O-O 9. Qe2 Nc5 10. Rd1 Qc7 11. Nc4 Ne6 12. Ng5 b5 13. Na3 Nxg5 14. Bxg5 Bg4 15. f3 Be6 16. c4 b4 17. Nc2 c5 18. e5 Ne8 19. f4 Rc8 20. Re1 h6 21. Bh4 h5 22. h3 Bh6 23. Rf1 Ng7 24. g4 hxg4 25. hxg4 Rfd8 26. Ne3 Ne8 27. Bd5 Bg7 28. Rae1 Rd7 29. Qg2 Rcd8 30. f5 Bxd5 31. Nxd5 Rxd5 32. cxd5 Bxe5 33. fxg6 fxg6 34. Qe4 1-0

[Event "Pribram op"]
[Site "?"]
[Date "2000.??.??"]
[Round "?"]
[White "Benes Petr"]
[Black "Taborsky Rostislav"]
[Result "0-1"]
[WhiteElo "2184"]
[BlackElo "2208"]
[PlyCount "65"]
[EventDate "2000.??.??"]
[Source "www.chesslib.no"]
[SourceDate "2004.05.04"]

1. Nf3 d5 2. d3 Nf6 3. b3 g6 4. Bb2 Bg7 5. g3 O-O 6. Bg2 c5 7. Nbd2 Nc6 8. a3 d4 9. O-O e5 10. e4 Bg4 11. Qc1 Nh5 12. h3 Be6 13. c4 Qd7 14. Ng5 f5 15. Nxe6 Qxe6 16. Re1 f4 17. g4 f3 18. Nxf3 Nf4 19. Qd2 Nxh3+ 20. Bxh3 Rxf3 21. Kg2 Raf8 22. Re2 h5 23. Qg5 Qf7 24. Rf1 Rxh3 25. f4 hxg4 26. Qxg4 Rxd3 27. f5 Ne7 28. Ref2 Bf6 29. Bc1 Qg7 30. Rh1 gxf5 31. Qxg7+ Bxg7 32. Bg5 Ng6 33. exf5 0-1

[Event "ch-NED w"]
[Site "?"]
[Date "2003.07.02"]
[Round "7"]
[White "Van Weersel Arlette"]
[Black "Schuurman Petra"]
[Result "0-1"]
[WhiteElo "2096"]
[BlackElo "2293"]
[PlyCount "57"]
[EventDate "2003.??.??"]
[Source "www.chesslib.no"]
[SourceDate "2004.05.04"]

1. Nf3 d5 2. d3 c6 3. g3 Bg4 4. Bg2 Nd7 5. Nbd2 e5 6. e4 Ngf6 7. h3 Bh5 8. O-O Bd6 9. Re1 O-O 10. Nf1 Re8 11. g4 Bg6 12. Ng3 Bf8 13. g5 dxe4 14. Nh4 Nd5 15. Nxg6 hxg6 16. Nxe4 Nc5 17. Qg4 Ne6 18. h4 Ndf4 19. Ng3 Bc5 20. Ne2 Qb6 21. Qf3 Nxe2+ 22. Qxe2 Nd4 23. Qd2 Rad8 24. b4 Bxb4 25. c3 Ba5 26. Bb2 Nf5 27. Re4 Nd6 28. Rg4 e4 29. Qf4 0-1

[Event "Tch (Men) 2005/2006 GER"]
[Site "?"]
[Date "2006.01.15"]
[Round "5.5"]
[White "Schlinkmeier Karsten"]
[Black "Lautner Josef"]
[Result "0-1"]
[WhiteElo "2153"]
[BlackElo "2220"]
[PlyCount "83"]
[EventDate "2006.??.??"]
[Source "www.chesslib.no"]
[SourceDate "2004.05.04"]

1. Nf3 d5 2. d3 c6 3. Nbd2 Bg4 4. c4 Nf6 5. b3 Nbd7 6. cxd5 cxd5 7. Bb2 e6 8. e3 Bd6 9. h3 Bh5 10. g4 Bg6 11. g5 Nh5 12. Be2 h6 13. Nh4 Qxg5 14. Nxg6 fxg6 15. h4 Qf5 16. Bxh5 gxh5 17. Bxg7 Rg8 18. e4 Qf7 19. Bxh6 Ne5 20. Qe2 Rg2 21. Kf1 Rg6 22. Bg5 Bc5 23. exd5 Bd4 24. Ne4 exd5 25. Nf6+ Rxf6 26. Bxf6 Qxf6 27. Rc1 Kd7 28. Rc2 Ng4 29. Rh3 Bxf2 30. Kg2 Rg8 31. Rf3 Ne3+ 32. Kxf2 Rg2+ 33. Ke1 Nxc2+ 34. Kf1 Rxe2 35. Rxf6 Rh2 36. Rf4 Ne3+ 37. Kg1 Rg2+ 38. Kh1 Rg4 39. Rf3 Rxh4+ 40. Kg1 Ng4 41. Rf5 Kd6 42. Rf7 0-1

[Event "Bayernliga 2003/04"]
[Site "?"]
[Date "2004.03.07"]
[Round "7.1"]
[White "Roth Norbert"]
[Black "Eiber Manfred"]
[Result "1/2-1/2"]
[WhiteElo "2224"]
[BlackElo "2145"]
[PlyCount "68"]
[EventDate "2004.??.??"]
[Source "www.chesslib.no"]
[SourceDate "2004.05.04"]

1. Nf3 d5 2. d3 Nf6 3. Bg5 c6 4. Nbd2 Bf5 5. Bxf6 gxf6 6. g3 e5 7. Bg2 Nd7 8. O-O Qb6 9. Rb1 Be7 10. c4 Be6 11. b4 f5 12. b5 Qc7 13. bxc6 bxc6 14. cxd5 cxd5 15. Qa4 Rc8 16. Bh3 O-O 17. Rfc1 Qxc1+ 18. Rxc1 Rxc1+ 19. Kg2 Rb8 20. Qxa7 Bc5 21. Qa4 Rb4 22. Qa8+ Rb8 23. Qa4 Rb4 24. Qa5 Be7 25. Nh4 Rc2 26. Nb3 Rxe2 27. Nxf5 Bxf5 28. Bxf5 Nf6 29. Qc7 Kf8 30. Qc8+ Kg7 31. Qc7 Kf8 32. Qc8+ Kg7 33. Qc7 Kf8 34. Qc8+ Kg7 1/2-1/2

[Event "Centrocoop June op-A"]
[Site "?"]
[Date "1998.??.??"]
[Round "?"]
[White "Titu Maiorescu Dorin"]
[Black "Gordin Artiom"]
[Result "1-0"]
[WhiteElo "2280"]
[BlackElo "2080"]
[PlyCount "117"]
[EventDate "1998.??.??"]
[Source "www.chesslib.no"]
[SourceDate "2004.05.04"]

1. Nf3 d5 2. d3 Nf6 3. Nbd2 Bf5 4. g3 e6 5. Bg2 h6 6. O-O Be7 7. c3 O-O 8. Qc2 Bh7 9. Re1 c5 10. e4 c4 11. dxc4 dxe4 12. Nd4 e5 13. N4b3 e3 14. Ne4 Nxe4 15. Bxe4 Bxe4 16. Qxe4 exf2+ 17. Kxf2 Nc6 18. Be3 Qc8 19. Rad1 f5 20. Qd5+ Kh8 21. Qd7 f4 22. Bc5 fxg3+ 23. Kxg3 Bxc5 24. Nxc5 Qb8 25. Ne6 e4+ 26. Rd6 Rf7 27. Qxf7 Qxd6+ 28. Kh3 Rg8 29. Nf4 Ne5 30. Qd5 Nxc4 31. Qxe4 g5 32. Qxc4 gxf4 33. Re6 Qd7 34. Qd4+ Qxd4 35. cxd4 Rd8 36. Re4 Rf8 37. Kg2 Rc8 38. Rxf4 Kg7 39. Rf2 Rd8 40. Rd2 Rd5 41. Kf3 Kf6 42. Ke4 Ke6 43. Kd3 Kd6 44. Kc4 b6 45. a4 Ra5 46. b3 Rd5 47. Rg2 Rh5 48. Rg6+ Kc7 49. Rg7+ Kc6 50. Rxa7 Rxh2 51. d5+ Kd6 52. Rb7 Rc2+ 53. Kb5 h5 54. b4 h4 55. Kxb6 h3 56. Rh7 h2 57. a5 Kxd5 58. a6 Rb2 59. b5 1-0

[Event "Calvi FRA"]
[Site "?"]
[Date "2005.??.??"]
[Round "4.6"]
[White "Gregoire Sylvain"]
[Black "Boursier Julien"]
[Result "1-0"]
[WhiteElo "2280"]
[BlackElo "2056"]
[PlyCount "99"]
[EventDate "2005.??.??"]
[Source "www.chesslib.no"]
[SourceDate "2004.05.04"]

1. Nf3 d5 2. d3 Nf6 3. g3 Bg4 4. Bg2 Nbd7 5. O-O e5 6. c4 dxc4 7. dxc4 c6 8. Nc3 Bc5 9. Qc2 O-O 10. Ng5 Qe7 11. Na4 Bb4 12. a3 Ba5 13. Be3 h6 14. Nf3 Rfd8 15. h3 Be6 16. Rfd1 b5 17. b4 Bb6 18. Nxb6 axb6 19. cxb5 cxb5 20. Qb2 Bd5 21. Rd2 Rac8 22. Rad1 Bc4 23. Nh4 Rb8 24. Rd6 Nf8 25. Nf5 Qc7 26. Qxe5 Bxe2 27. R1d2 Rxd6 28. Qxd6 Qxd6 29. Rxd6 N8d7 30. Bd4 Re8 31. Nxg7 Kxg7 32. Rxd7 Bc4 33. Rd6 Re6 34. Rxe6 fxe6 35. Bxb6 Kg6 36. Bd4 Nd5 37. Be4+ Kf7 38. f4 Nc7 39. Kf2 Ne8 40. Be5 Ke7 41. Ke3 Nd6 42. Bxd6+ Kxd6 43. Bd3 Kd5 44. g4 e5 45. fxe5 Kxe5 46. Bxc4 bxc4 47. a4 c3 48. h4 c2 49. Kd2 Kf4 50. g5 1-0

[Event "Sunny Beach BUL, Open 2005"]
[Site "?"]
[Date "2005.09.16"]
[Round "1.20"]
[White "Georgiev Steljan"]
[Black "Karakehajov Kalin"]
[Result "1/2-1/2"]
[WhiteElo "1944"]
[BlackElo "2385"]
[PlyCount "155"]
[EventDate "2005.??.??"]
[Source "www.chesslib.no"]
[SourceDate "2004.05.04"]

1. Nf3 d5 2. d3 Nf6 3. Nbd2 Nbd7 4. c3 e5 5. e4 dxe4 6. dxe4 Bc5 7. Bc4 O-O 8. O-O Qe7 9. b4 Bd6 10. Re1 a5 11. bxa5 Rxa5 12. Nb3 Ra8 13. Bg5 h6 14. Bd2 Nb6 15. Bd3 Nfd7 16. Be3 Na4 17. Qc2 Ndc5 18. Bc4 Rd8 19. Nfd2 Ne6 20. Bb5 Nac5 21. Nc4 Nxb3 22. axb3 Rxa1 23. Rxa1 Bc5 24. b4 Bxe3 25. Nxe3 c6 26. Bc4 b5 27. Bf1 Ng5 28. Be2 Bb7 29. Nf5 Qc7 30. h4 Ne6 31. Rd1 c5 32. Rxd8+ Nxd8 33. bxc5 Ne6 34. Nd6 Nxc5 35. Nxb5 Qd8 36. f3 Bc6 37. Na7 Ba4 38. Qb2 Qxh4 39. Qb8+ Kh7 40. Qxe5 Qe1+ 41. Kh2 Ne6 42. Bc4 Ng5 43. Qf5+ g6 44. Qf4 Bd1 45. Nc6 Qf2 46. Ne5 Kg7 47. Bxf7 Bxf3 48. Nxf3 Nxf7 49. e5 Qb6 50. Qd4 Qe6 51. g4 h5 52. gxh5 gxh5 53. c4 Nh6 54. c5 Qa2+ 55. Kh1 Qb1+ 56. Kg2 Qg6+ 57. Kf1 Qb1+ 58. Ke2 Qc2+ 59. Nd2 Nf5 60. Qd5 h4 61. Qg2+ Ng3+ 62. Kf3 Qf5+ 63. Ke3 Qxe5+ 64. Ne4 Kh6 65. c6 Nf5+ 66. Kf2 Qd4+ 67. Ke1 Qa1+ 68. Kf2 Qa7+ 69. Ke1 Qa1+ 70. Kf2 Qb2+ 71. Ke1 Qc1+ 72. Kf2 Qe3+ 73. Kf1 Qc1+ 74. Kf2 Qe3+ 75. Kf1 Qf4+ 76. Kg1 Ne3 77. Qg5+ Qxg5+ 78. Nxg5 1/2-1/2

[Event "FRA-chT2 0203"]
[Site "?"]
[Date "2003.03.16"]
[Round "9"]
[White "Germes Bernard"]
[Black "Gollain Marc"]
[Result "1/2-1/2"]
[WhiteElo "2140"]
[BlackElo "2188"]
[PlyCount "75"]
[EventDate "2003.??.??"]
[Source "www.chesslib.no"]
[SourceDate "2004.05.04"]

1. Nf3 d5 2. d3 Nf6 3. g3 Bg4 4. h3 Bxf3 5. exf3 e5 6. f4 e4 7. Nd2 exd3 8. Bxd3 Qe7+ 9. Qe2 Nbd7 10. Qxe7+ Bxe7 11. O-O Nc5 12. Be2 O-O 13. b3 Nfe4 14. Nxe4 Nxe4 15. Bb2 Bc5 16. Kg2 Rfe8 17. Bd3 Bb4 18. a3 Ba5 19. b4 Bb6 20. Rae1 Nd6 21. Be5 Nc4 22. Bxc4 dxc4 23. Bc3 c6 24. Kf3 f6 25. Rxe8+ Rxe8 26. Rd1 Kf7 27. g4 Re7 28. Rd6 Re6 29. Rd7+ Re7 30. Rd6 Re6 31. Rd7+ Re7 32. Rd1 Ke8 33. h4 Rd7 34. Rxd7 Kxd7 35. f5 Kd6 36. g5 Bd8 37. Kg4 Ke7 38. f4 1/2-1/2